Mayorazgos y Títulos de Castilla. Memoria Histórica presentada a la Universidad de Chile, en cumplimiento del Artículo 22 de la Lei de 9 de enero de 1879

Kaydedildi:
Detaylı Bibliyografya
Yazar: Amunátegui Solar, Domingo (Yazar)
Materyal Türü: Kitap
Dil:İspanyolca
Baskı/Yayın Bilgisi: Santiago Imprenta, Litografía i Encuadernación Barcelona 1901
Edisyon:1a. ed
Seri Bilgileri:La Sociedad Chilena del Siglo XVIII
Konular:
Etiketler: Etiketle
Etiket eklenmemiş, İlk siz ekleyin!

MARC

LEADER 00000nam a2200000 a 4500
001 UCJ7301
003 CL-VaPUC
008 070124e19010000CL |||||||||||||||||spa|d
082 0 4 |a 983  |b AMU  |2 21 
100 0 |a Amunátegui Solar, Domingo  |e author  |9 444723 
245 1 0 |a Mayorazgos y Títulos de Castilla. Memoria Histórica presentada a la Universidad de Chile, en cumplimiento del Artículo 22 de la Lei de 9 de enero de 1879 
250 |a 1a. ed 
300 |a 3 v 
942 |c BK 
945 |d 20070124 00:00:00  |a rinostro 
260 |a Santiago  |b Imprenta, Litografía i Encuadernación Barcelona  |c 1901 
500 |a Advierte errata 
650 7 |a HERALDICA  |2 CL-VaPUC  |9 388228 
650 0 |a Genealogía  |9 255285 
650 7 |a NOBILIARIA  |2 CL-VaPUC  |9 510073 
650 7 |a MAYORAZGOS  |2 CL-VaPUC  |9 401335 
650 7 |a MARCA TIPOGRAFICA  |2 CL-VaPUC  |9 506100 
583 |a last modification  |c 20070124 00:00:00  |k Rodrigo Vera 
490 0 |a La Sociedad Chilena del Siglo XVIII 
999 |c 323397  |d 323395 
952 |0 0  |1 0  |4 0  |6 983_000000000000000_AMU_1901  |7 0  |8 X  |9 402957  |a FDOBUD  |b FDOBUD  |d 2019-11-22  |h v.1  |i 1061224  |o 983 AMU 1901  |p 1061224  |r 2019-11-22  |w 2019-11-22  |y BK_X  |k BUD 
952 |0 0  |1 0  |4 0  |6 983_000000000000000_AMU_1901  |7 0  |8 X  |9 402958  |a FDOBUD  |b FDOBUD  |d 2019-11-22  |h v.2  |i 1061232  |o 983 AMU 1901  |p 1061232  |r 2019-11-22  |w 2019-11-22  |y BK_X  |k BUD 
952 |0 0  |1 0  |4 0  |6 983_000000000000000_AMU_1901  |7 0  |8 X  |9 402959  |a FDOBUD  |b FDOBUD  |d 2019-11-22  |h v.3  |i 1061240  |o 983 AMU 1901  |p 1061240  |r 2019-11-22  |w 2019-11-22  |y BK_X  |k BUD